Městská turistika potřebuje servis.

Devízové príjmy ČR zo zahraničného cestovného ruchu prekročili v r. 1992 jednu miliardu USD, z toho viac ako 70 perc. pripadá na Prahu. Praha sa stáva jednou z najnavštevovanejších metropolí Európy. Tento záujem musí byť podporovaný okrem iného aj propagáciou a neplatenými informačnými službami. Cha...

Ausführliche Beschreibung

Gespeichert in:
Bibliographische Detailangaben
1. Verfasser: Simonian, Aram
Format: Buchkapitel
Sprache:Tschechisch
Schlagworte:
Tags: Tag hinzufügen
Keine Tags, Fügen Sie das erste Tag hinzu!

MARC

LEADER 00000naa a2200000 4500
001 r011038
005 20220826093439.9
041 0 |a cze 
044 |a [CS] 
245 1 0 |a Městská turistika potřebuje servis.  |c A. Simonian 
520 |a Devízové príjmy ČR zo zahraničného cestovného ruchu prekročili v r. 1992 jednu miliardu USD, z toho viac ako 70 perc. pripadá na Prahu. Praha sa stáva jednou z najnavštevovanejších metropolí Európy. Tento záujem musí byť podporovaný okrem iného aj propagáciou a neplatenými informačnými službami. Charakteristika takýchto služieb na Západe a čo treba v Prahe zlepšovať. 
610 2 0 |a ruch cestovný zahraničný 
610 2 0 |a Praha 
610 2 0 |a Čechy 
610 2 0 |a propagácia 
610 2 0 |a služby informačné 
610 2 0 |a kancelárie cestovné 
610 2 0 |a služby 
100 1 |a Simonian, Aram